[Event "Gipuzkoako Txapelketa Nagusia"]
[Site "Donostia"]
[Date "2008.11.15"]
[Round "4.1"]
[White "Nogues Fernandez, Ramon"]
[Black "Lazkano Gaite, Tomas"]
[Result "1-0"]
[WhiteElo "1824"]
[BlackElo "1776"]
[PlyCount "61"]
[EventDate "2008.10.25"]
[EventRounds "7"]
[EventCountry "ESP"]

1. e4 c5 2. Nf3 Nc6 3. d4 cxd4 4. Nxd4 e5 5. Nb5 d6 6. c4 a6 7. N5a3 Qf6 8. Nc3
Be6 9. Be3 Nh6 10. f3 Be7 11. Nc2 Qg6 12. Qd2 f5 13. O-O-O fxe4 14. Nxe4 Nf5
15. Bd3 Rd8 16. g4 Nfd4 17. Nxd6+ Rxd6 18. Bxg6+ hxg6 19. Nxd4 Nxd4 20. Qf2
Bxc4 21. Bxd4 exd4 22. Rxd4 Bxa2 23. Rxd6 Bxd6 24. Qd4 O-O 25. Qxd6 Rxf3 26.
Re1 Rf6 27. Re8+ Kh7 28. Qg3 g5 29. Qd3+ g6 30. Qh3+ Kg7 31. Qh8+ 1-0

[Event "Gipuzkoako Txapelketa Nagusia"]
[Site "Donostia"]
[Date "2008.11.15"]
[Round "4.1"]
[White "Izagirre Alsua, Aritz"]
[Black "Kuende Gorostidi, Jon"]
[Result "1-0"]
[WhiteElo "1807"]
[BlackElo "1826"]
[PlyCount "95"]
[EventDate "2008.10.25"]
[EventRounds "7"]
[EventCountry "ESP"]

1. e4 e6 2. Nc3 Bb4 3. g3 Ne7 4. Bg2 c5 5. Nce2 e5 6. Nf3 Nbc6 7. O-O Ba5 8. d3
d6 9. Ng5 h6 10. Nh3 g5 11. f3 Be6 12. c3 Bb6 13. Nf2 Qd7 14. a3 O-O-O 15. b4
f5 16. Qc2 f4 17. a4 cxb4 18. cxb4 Kb8 19. Bd2 Bh3 20. a5 Bxg2 21. Kxg2 Bd4 22.
Rab1 Rc8 23. Qa4 Bxf2 24. Rxf2 g4 25. gxf4 exf4 26. Bxf4 gxf3+ 27. Rxf3 Qg4+
28. Kf2 Rhf8 29. Bxd6+ Ka8 30. Rxf8 Rxf8+ 31. Ke1 Nd4 32. Nxd4 Qg1+ 33. Kd2
Qxd4 34. Bg3 Nc6 35. Qa1 Qd8 36. Kc2 Nd4+ 37. Kb2 Rf3 38. Rd1 Qe7 39. Qa4 a6
40. Qa3 Nb5 41. Qb3 Qg7+ 42. e5 h5 43. Qc4 Rf8 44. Rd2 Qh8 45. Qe4 Rf1 46. Rc2
Qd8 47. Qc4 Rb1+ 48. Ka2 1-0

[Event "Gipuzkoako Txapelketa Nagusia"]
[Site "Donostia"]
[Date "2008.11.22"]
[Round "5.1"]
[White "Sanz Perez, Eduardo"]
[Black "Martin Alvarez, Inigo"]
[Result "0-1"]
[WhiteElo "2184"]
[BlackElo "2212"]
[PlyCount "130"]
[EventDate "2008.10.25"]
[EventRounds "7"]
[EventCountry "ESP"]

1. f4 c5 2. Nf3 g6 3. e4 Bg7 4. Nc3 Nc6 5. d3 d6 6. g3 e6 7. Bg2 Nge7 8. O-O
O-O 9. Be3 b6 10. Bf2 Qd7 11. Rb1 Bb7 12. a3 Rad8 13. Qd2 f5 14. Rfe1 h6 15. b4
Kh7 16. Nb5 Ba6 17. Nxd6 Qxd6 18. b5 Bb7 19. bxc6 Nxc6 20. e5 Qd7 21. Qc3 Rfe8
22. a4 Nd4 23. Nxd4 cxd4 24. Qc4 Bxg2 25. Kxg2 Rc8 26. Qxd4 Qxd4 27. Bxd4 Rxc2+
28. Bf2 Rec8 29. a5 bxa5 30. Rb7 Kg8 31. Rxa7 Bf8 32. d4 Ra2 33. Kf3 g5 34. Rf1
g4+ 35. Kg2 Rcc2 36. Kg1 a4 37. Ra8 a3 38. d5 exd5 39. e6 Kg7 40. Bd4+ Kg6 41.
Re1 Rg2+ 42. Kf1 Be7 43. Ra7 Rgd2 44. Be3 Rxh2 45. Rxe7 h5 46. Bg1 Rhg2 47. Rd7
Rxg3 48. Bf2 Rf3 49. Re2 Rxe2 50. Kxe2 Rxf4 51. e7 Re4+ 52. Kd3 a2 53. Ra7 Rxe7
54. Ra6+ Kg5 55. Rxa2 f4 56. Ra5 g3 57. Rxd5+ Kg4 58. Bc5 Re6 59. Rd4 g2 60.
Re4 Rxe4 61. Kxe4 h4 62. Bg1 h3 63. Bh2 g1=Q 64. Bxg1 Kg3 65. Kd3 h2 0-1

[Event "Gipuzkoako Txapelketa Nagusia"]
[Site "Donostia"]
[Date "2008.11.22"]
[Round "5.1"]
[White "Argandona Riveiro, Inigo"]
[Black "Alcaide Luque, Aitor"]
[Result "1-0"]
[WhiteElo "2385"]
[BlackElo "2144"]
[PlyCount "45"]
[EventDate "2008.10.25"]
[EventRounds "7"]
[EventCountry "ESP"]

1. Nf3 d5 2. d4 e6 3. c4 c5 4. g3 Nc6 5. Bg2 Nf6 6. O-O cxd4 7. Nxd4 Be7 8.
cxd5 exd5 9. Nc3 O-O 10. h3 Be6 11. Be3 Qd7 12. Kh2 Na5 13. f4 Nc4 14. Bg1 Bf5
15. Nxf5 Qxf5 16. Nxd5 Nxd5 17. Qxd5 Qxd5 18. Bxd5 Nxb2 19. Rab1 Bf6 20. e4
Rfd8 21. Rf2 Na4 22. Rxb7 Nc3 23. Bxf7+ 1-0

[Event "Gipuzkoako Txapelketa Nagusia"]
[Site "Donostia"]
[Date "2008.11.22"]
[Round "5.1"]
[White "Olaizola Ortega, Luis"]
[Black "Olmo Vega, Diego"]
[Result "1-0"]
[WhiteElo "2205"]
[BlackElo "1977"]
[PlyCount "45"]
[EventDate "2008.10.25"]
[EventRounds "7"]
[EventCountry "ESP"]

1. d4 Nf6 2. Nf3 g6 3. c4 Bg7 4. e3 O-O 5. Be2 d6 6. O-O Nbd7 7. Nc3 c6 8. b4
Qc7 9. a4 e5 10. b5 Re8 11. a5 exd4 12. exd4 c5 13. Bf4 cxd4 14. Nxd4 Ne5 15.
b6 axb6 16. axb6 Rxa1 17. bxc7 Rxd1 18. Rxd1 Re7 19. Ndb5 Ne8 20. Nd5 Re6 21.
Nb6 Nc6 22. Nxc8 Rxe2 23. Ncxd6 1-0

[Event "Gipuzkoako Txapelketa Nagusia"]
[Site "Donostia"]
[Date "2008.11.22"]
[Round "5.1"]
[White "Arana Garate, Jon"]
[Black "Corral Sierra, Javier"]
[Result "1-0"]
[WhiteElo "1917"]
[BlackElo "2116"]
[PlyCount "49"]
[EventDate "2008.10.25"]
[EventRounds "7"]
[EventCountry "ESP"]

1. d4 Nf6 2. c4 e6 3. Nf3 c5 4. d5 b5 5. dxe6 fxe6 6. e3 bxc4 7. Bxc4 Be7 8.
O-O O-O 9. b3 d5 10. Be2 Bd6 11. Bb2 Nbd7 12. Nbd2 Qe7 13. Qc2 Bb7 14. Bd3 Qe8
15. e4 Qh5 16. Rfe1 Ng4 17. h3 Nge5 18. exd5 Nxd3 19. Qxd3 exd5 20. Qb5 Nb6 21.
a4 Bc8 22. a5 Bd7 23. Qa6 Nc8 24. Qb7 Bxh3 25. Qxg7# 1-0

[Event "Gipuzkoako Txapelketa Nagusia"]
[Site "Donostia"]
[Date "2008.11.22"]
[Round "5.1"]
[White "Bello Castano, Diego"]
[Black "Garro Beraza, Haritz"]
[Result "0-1"]
[WhiteElo "1887"]
[BlackElo "2032"]
[PlyCount "50"]
[EventDate "2008.10.25"]
[EventRounds "7"]
[EventCountry "ESP"]

1. Nf3 Nf6 2. b3 g6 3. Bb2 Bg7 4. e4 d6 5. Qe2 e5 6. d4 O-O 7. Nbd2 exd4 8.
Nxd4 Re8 9. O-O-O Qe7 10. f3 c5 11. Nb5 a6 12. Nc3 Nc6 13. h4 Nd4 14. Qf2 Be6
15. g4 h5 16. g5 Nd7 17. f4 b5 18. Bd3 c4 19. bxc4 Nc5 20. Nd5 Bxd5 21. cxd5
Nxd3+ 22. cxd3 Qc7+ 23. Kb1 Qc2+ 24. Ka1 Nb3+ 25. Nxb3 Bxb2# 0-1

[Event "Gipuzkoako Txapelketa Nagusia"]
[Site "Donostia"]
[Date "2008.11.22"]
[Round "5.1"]
[White "Galarza Cenzano, Inigo"]
[Black "Sanchez Ruesga, Hector"]
[Result "1-0"]
[WhiteElo "2022"]
[BlackElo "1783"]
[PlyCount "55"]
[EventDate "2008.10.25"]
[EventRounds "7"]
[EventCountry "ESP"]

1. e4 e5 2. Nc3 Nf6 3. Bc4 Nc6 4. d3 h6 5. f4 d6 6. Nf3 a6 7. a4 exf4 8. Bxf4
Ne7 9. Qe2 Ng6 10. Bd2 Ne5 11. Bb3 Nxf3+ 12. gxf3 Nh5 13. O-O-O Qh4 14. Nd5 Qd8
15. e5 Be6 16. f4 Bxd5 17. Bxd5 Qh4 18. exd6+ Kd7 19. Bxf7 Nxf4 20. Qe4 Bxd6
21. Rdf1 g5 22. Qf5+ Kc6 23. Kb1 Raf8 24. Be1 Qh3 25. Rxf4 Qxf5 26. Rxf5 Kd7
27. Bg3 Rhg8 28. Rhf1 1-0

[Event "Gipuzkoako Txapelketa Nagusia"]
[Site "Donostia"]
[Date "2008.11.22"]
[Round "5.1"]
[White "Puga Senar, Fernando"]
[Black "Irure Crespo, Egoitz"]
[Result "0-1"]
[WhiteElo "1704"]
[BlackElo "1935"]
[PlyCount "90"]
[EventDate "2008.10.25"]
[EventRounds "7"]
[EventCountry "ESP"]

1. d4 Nf6 2. c4 c5 3. e3 cxd4 4. exd4 d5 5. Nc3 e6 6. Nf3 Bb4 7. Bd3 dxc4 8.
Bxc4 O-O 9. O-O Nbd7 10. Bg5 Bxc3 11. bxc3 Qc7 12. Qd3 b6 13. Rac1 Bb7 14. Bxf6
Nxf6 15. Ne5 Rac8 16. Bb3 Rfd8 17. Rfd1 Nh5 18. Qe3 Qe7 19. c4 Qf6 20. c5 bxc5
21. dxc5 Nf4 22. Rxd8+ Rxd8 23. c6 Qg5 24. g3 Ne2+ 25. Qxe2 Qxc1+ 26. Kg2 Bxc6+
27. Nxc6 Qxc6+ 28. Kg1 Rd4 29. Qe5 Rd8 30. Qa5 Qb6 31. Qc3 Qb7 32. Qe3 g6 33.
Qg5 Rc8 34. Qe3 Qc7 35. Qe2 a5 36. Qg4 Qe5 37. Kg2 Rb8 38. Kg1 Rb4 39. Qd1 Rd4
40. Qb1 a4 41. Bc2 a3 42. Bb3 Rd2 43. Qc1 Rb2 44. Qc8+ Kg7 45. Qc4 Qe1+ 0-1

[Event "Gipuzkoako Txapelketa Nagusia"]
[Site "Donostia"]
[Date "2008.11.22"]
[Round "5.1"]
[White "Guerrero Itarte, Alfredo"]
[Black "Urretavizcaya Merino, Asier"]
[Result "1/2-1/2"]
[WhiteElo "1910"]
[BlackElo "2066"]
[PlyCount "53"]
[EventDate "2008.10.25"]
[EventRounds "7"]
[EventCountry "ESP"]

1. e4 c5 2. Nf3 d6 3. d4 cxd4 4. Nxd4 Nf6 5. Nc3 g6 6. Bc4 Bg7 7. f3 O-O 8. Be3
Nc6 9. Qd2 Bd7 10. O-O-O Rc8 11. Bb3 Ne5 12. h4 Nc4 13. Bxc4 Rxc4 14. Kb1 Qc7
15. g4 Rc8 16. h5 b5 17. hxg6 fxg6 18. Rc1 b4 19. Nd5 Nxd5 20. exd5 Ba4 21. Nb3
Bxb3 22. axb3 Rc3 23. Bh6 Bf6 24. f4 Qa5 25. Bg5 Bg7 26. f5 R8c5 27. Qh2
1/2-1/2

[Event "Gipuzkoako Txapelketa Nagusia"]
[Site "Donostia"]
[Date "2008.11.22"]
[Round "5.1"]
[White "Alvarado Fernandez, Mikel"]
[Black "Argandona Riveiro, Jon"]
[Result "1/2-1/2"]
[WhiteElo "2011"]
[BlackElo "1983"]
[PlyCount "132"]
[EventDate "2008.10.25"]
[EventRounds "7"]
[EventCountry "ESP"]

1. d4 d6 2. g3 Nd7 3. Bg2 e5 4. dxe5 dxe5 5. Nf3 Ngf6 6. Nc3 c6 7. Qd3 Bc5 8.
O-O O-O 9. a3 a5 10. Ne4 Nxe4 11. Qxe4 Qe7 12. Rd1 Re8 13. Bg5 f6 14. Be3 Nb6
15. Bxc5 Qxc5 16. Qd3 Be6 17. Ne1 Na4 18. b3 Nb2 19. Qd6 Qc3 20. Rdb1 Rad8 21.
Qc7 Rd7 22. Qb6 Red8 23. Nd3 Nxd3 24. cxd3 Ra8 25. b4 Ra6 26. Qc5 Qxc5 27. bxc5
a4 28. Rb4 Ra5 29. Rc1 f5 30. Kf1 Ra7 31. Ke1 Rd4 32. Rxd4 exd4 33. e3 dxe3 34.
fxe3 Ra5 35. d4 Rb5 36. Rc3 Rb2 37. Bf3 Bb3 38. h3 Ra2 39. Be2 Rxa3 40. Bc4+
Kf8 41. e4 fxe4 42. Kf2 Ra2+ 43. Ke3 Bxc4 44. Rxc4 a3 45. Ra4 Rg2 46. Kxe4 Rxg3
47. Ke5 Ke7 48. Ra7 Rg5+ 49. Kf4 Rd5 50. Rxb7+ Kf6 51. Ke4 Rh5 52. Rb6 Rh4+ 53.
Kd3 Rxh3+ 54. Kc4 a2 55. Rxc6+ Ke7 56. Ra6 Rh2 57. d5 g5 58. Ra7+ Kf6 59. c6
Ke5 60. Kb3 Rh1 61. Rxa2 Rb1+ 62. Kc4 Rc1+ 63. Kb5 Kxd5 64. Rd2+ Ke6 65. Rh2
Kd5 66. Rd2+ Ke6 1/2-1/2

[Event "Gipuzkoako Txapelketa Nagusia"]
[Site "Donostia"]
[Date "2008.11.22"]
[Round "5.1"]
[White "Juez Villar, Erik"]
[Black "Iglesias Gonzalez, Veronica"]
[Result "1-0"]
[WhiteElo "1960"]
[BlackElo "1805"]
[PlyCount "59"]
[EventDate "2008.10.25"]
[EventRounds "7"]
[EventCountry "ESP"]

1. e4 e5 2. f4 exf4 3. Bc4 d6 4. Nf3 Nc6 5. d4 Bd7 6. O-O h6 7. Bxf4 g5 8. Be3
Bg7 9. Bxf7+ Ke7 10. e5 Bg4 11. Nc3 Bxf3 12. Qxf3 Nb4 13. a3 Nxc2 14. Nd5+ Kd7
15. Be6+ Kc6 16. Nc3+ Kb6 17. d5+ Nxe3 18. Qxe3+ c5 19. Rf7 Bxe5 20. Na4+ Ka6
21. Nxc5+ dxc5 22. Qe2+ b5 23. Qxe5 Ne7 24. a4 Kb6 25. axb5 a5 26. bxa6 Rxa6
27. Rxa6+ Kxa6 28. Rxe7 c4 29. Rc7 Re8 30. d6 1-0

[Event "Gipuzkoako Txapelketa Nagusia"]
[Site "Donostia"]
[Date "2008.11.22"]
[Round "5.1"]
[White "Zubia Aramburu, Mikel"]
[Black "Cantabrana Garona, Alejandro"]
[Result "0-1"]
[WhiteElo "1895"]
[BlackElo "1834"]
[PlyCount "86"]
[EventDate "2008.10.25"]
[EventRounds "7"]
[EventCountry "ESP"]

1. c4 c5 2. Nf3 e6 3. g3 b6 4. Bg2 Bb7 5. O-O Nf6 6. Nc3 Be7 7. d4 cxd4 8. Qxd4
Nc6 9. Qd1 a6 10. Bf4 d6 11. Qa4 Rc8 12. Nd4 Qc7 13. Nxc6 Bxc6 14. Bxc6+ Qxc6
15. Qxa6 O-O 16. b3 d5 17. Qb5 dxc4 18. bxc4 Qxc4 19. Rfc1 Qxb5 20. Nxb5 Rxc1+
21. Rxc1 Bc5 22. a4 Ng4 23. e3 e5 24. Bg5 f6 25. h3 Nxf2 26. Kxf2 fxg5+ 27. Ke2
h5 28. Nc7 Kf7 29. a5 Rb8 30. axb6 Bxb6 31. Rf1+ Kg6 32. Nd5 Bd8 33. Ra1 e4 34.
g4 Rb2+ 35. Kf1 Rh2 36. Ra6+ Bf6 37. gxh5+ Kxh5 38. Nxf6+ gxf6 39. Rxf6 Rxh3
40. Kf2 Kg4 41. Re6 Rh2+ 42. Kg1 Kg3 43. Rxe4 Rc2 0-1

[Event "Gipuzkoako Txapelketa Nagusia"]
[Site "Donostia"]
[Date "2008.11.22"]
[Round "5.1"]
[White "Nogues Fernandez, Ramon"]
[Black "Tejedor Txapartegui, Nabar"]
[Result "0-1"]
[WhiteElo "1824"]
[BlackElo "2051"]
[PlyCount "40"]
[EventDate "2008.10.25"]
[EventRounds "7"]
[EventCountry "ESP"]

1. e4 d5 2. exd5 Nf6 3. Nf3 Bg4 4. d4 Qxd5 5. Be2 Nc6 6. c4 Qh5 7. O-O O-O-O 8.
Be3 e5 9. d5 e4 10. Nd4 Nxd4 11. Bxg4+ Nxg4 12. h3 Nf3+ 13. gxf3 Nxe3 14. fxe3
Bc5 15. Kg2 Qg5+ 16. Kh2 Bxe3 17. Nc3 Bf4+ 18. Kh1 Qg3 19. Qe2 Qxh3+ 20. Kg1
Rd6 0-1

[Event "Gipuzkoako Txapelketa Nagusia"]
[Site "Donostia"]
[Date "2008.11.22"]
[Round "5.1"]
[White "Rodriguez Cabrera, Fco  Javier"]
[Black "Garro Beraza, Julen"]
[Result "1/2-1/2"]
[WhiteElo "1909"]
[BlackElo "1761"]
[PlyCount "91"]
[EventDate "2008.10.25"]
[EventRounds "7"]
[EventCountry "ESP"]

1. e4 c5 2. Nf3 d6 3. d4 cxd4 4. Nxd4 Nf6 5. Nc3 a6 6. a4 Nc6 7. Be2 e6 8. Bg5
Be7 9. O-O O-O 10. Kh1 Bd7 11. f4 Nxd4 12. Qxd4 Bc6 13. a5 Qc7 14. f5 e5 15.
Qe3 d5 16. exd5 Nxd5 17. Nxd5 Bxd5 18. Bxe7 Qxe7 19. f6 gxf6 20. Qh6 Kh8 21.
Bd3 e4 22. Rf5 Rg8 23. Rxd5 exd3 24. Rxd3 Rae8 25. Qd2 Qe2 26. Rg1 Rg5 27. b4
Qg4 28. c3 Re2 29. Rd8+ Kg7 30. Qd4 Rxg2 31. Qxg4 R2xg4 32. Rxg4 Rxg4 33. Rd3
f5 34. h3 Rg5 35. Kh2 Kf6 36. c4 f4 37. h4 Rg6 38. b5 Ke5 39. bxa6 bxa6 40. c5
Ke4 41. Rd6 Rg8 42. Rxa6 f3 43. Rf6 Ke3 44. Rxf7 f2 45. Re7+ Kd2 46. Rf7
1/2-1/2

[Event "Gipuzkoako Txapelketa Nagusia"]
[Site "Donostia"]
[Date "2008.11.22"]
[Round "5.1"]
[White "Lazkano Gaite, Tomas"]
[Black "Galarraga Lasa, Jon Gurutz"]
[Result "0-1"]
[WhiteElo "1776"]
[BlackElo "1814"]
[PlyCount "116"]
[EventDate "2008.10.25"]
[EventRounds "7"]
[EventCountry "ESP"]

1. d4 Nf6 2. c4 e6 3. Nc3 d5 4. Bg5 Nbd7 5. e3 Be7 6. Nf3 O-O 7. cxd5 exd5 8.
Bd3 Re8 9. O-O c6 10. Qc2 h6 11. Bh4 Ne4 12. Bg3 Nxg3 13. hxg3 Bd6 14. e4 dxe4
15. Nxe4 Bc7 16. g4 Nf6 17. Rae1 Bxg4 18. Ned2 Qd7 19. Bc4 Bf5 20. Qb3 b5 21.
Bd3 Bxd3 22. Qxd3 c5 23. Rc1 Bb6 24. Nh4 c4 25. Qf5 Qxd4 26. Nhf3 Qd5 27. Qb1
Rad8 28. b3 cxb3 29. axb3 Re2 30. Rce1 Rde8 31. Qd1 Qd3 32. Rxe2 Rxe2 33. Qc1
Qd7 34. Qd1 Qe6 35. Ne1 Bxf2+ 36. Kh1 Rxe1 37. Qf3 Qe2 38. Qxe2 Rxe2 39. Nf3
Bb6 40. Kh2 Ng4+ 41. Kg3 Rxg2+ 42. Kxg2 Ne3+ 43. Kf2 Nxf1+ 44. Kxf1 f6 45. Ke2
Kf7 46. Kd3 g5 47. Ke4 Ke6 48. Ne1 f5+ 49. Kf3 Kd5 50. Nc2 a5 51. Ne1 Kd4 52.
Ke2 Kc3 53. Nd3 Kxb3 54. Ne5 a4 55. Nd3 a3 56. Kd2 a2 57. Nc1+ Kb2 58. Nd3+ Kb1
0-1

[Event "Gipuzkoako Txapelketa Nagusia"]
[Site "Donostia"]
[Date "2008.11.29"]
[Round "6.1"]
[White "Martin Alvarez, Inigo"]
[Black "Argandona Riveiro, Inigo"]
[Result "0-1"]
[WhiteElo "2212"]
[BlackElo "2385"]
[PlyCount "102"]
[EventDate "2008.10.25"]
[EventRounds "7"]
[EventCountry "ESP"]

1. e4 d5 2. exd5 Qxd5 3. Nc3 Qd6 4. Nf3 Nf6 5. d4 a6 6. g3 Bg4 7. Bg2 Nc6 8.
O-O O-O-O 9. h3 Bh5 10. d5 Nxd5 11. Nxd5 Qxd5 12. Qxd5 Rxd5 13. Ng5 Rd7 14. c3
e6 15. Be3 Ne5 16. Bd4 Nc4 17. g4 Bg6 18. b3 e5 19. bxc4 exd4 20. cxd4 Rxd4 21.
f4 Bc5 22. f5 Rxg4+ 23. Kh1 Rxg5 24. fxg6 f6 25. gxh7 Rxh7 26. Rab1 c6 27. Rbe1
Rh4 28. Re4 Rxe4 29. Bxe4 Rg3 30. Bf5+ Kc7 31. Rd1 Bd6 32. Rg1 a5 33. Rxg3 Bxg3
34. Kg2 Be5 35. Kf3 Kd6 36. Bc8 b6 37. Ke4 g5 38. Kd3 Kc5 39. Be6 Kb4 40. Kc2
Ka3 41. Kb1 b5 42. cxb5 cxb5 43. Bd7 b4 44. Be6 a4 45. Kc2 Bd6 46. Bd5 f5 47.
Be6 f4 48. Kd3 Kb2 49. Ke4 Bb8 50. Kf5 f3 51. Bc4 f2 0-1

[Event "Gipuzkoako Txapelketa Nagusia"]
[Site "Donostia"]
[Date "2008.11.29"]
[Round "6.1"]
[White "Arana Garate, Jon"]
[Black "Sanz Perez, Eduardo"]
[Result "1-0"]
[WhiteElo "1917"]
[BlackElo "2184"]
[PlyCount "97"]
[EventDate "2008.10.25"]
[EventRounds "7"]
[EventCountry "ESP"]

1. d4 e6 2. c4 Nf6 3. Nc3 Bb4 4. e3 c5 5. a3 Bxc3+ 6. bxc3 Qa5 7. Qc2 Nc6 8.
Bd2 e5 9. Bd3 O-O 10. d5 Nb8 11. Ne2 d6 12. O-O h6 13. f4 Nbd7 14. e4 Qd8 15.
Rf3 Qe7 16. Raf1 exf4 17. Rxf4 Nh5 18. R4f2 Ne5 19. Nf4 Nf6 20. Re1 Nfg4 21.
Rff1 Qh4 22. h3 Qg3 23. hxg4 Nxg4 24. Rf3 Qh2+ 25. Kf1 Ne5 26. Be3 g5 27. Bg1
Qh4 28. Bf2 Qg4 29. Be3 Nxf3 30. gxf3 Qxf3+ 31. Qf2 Qxf2+ 32. Kxf2 gxf4 33.
Bxf4 f5 34. Bxd6 Rd8 35. e5 b6 36. Bc7 Rd7 37. d6 Rg7 38. e6 Bb7 39. d7 Rg2+
40. Ke3 f4+ 41. Kxf4 Rf8+ 42. Ke5 Rg5+ 43. Kd6 Rg3 44. Rd1 Bf3 45. Rd2 Bg4 46.
Ke7 Re3 47. Bf5 Bxf5 48. Rg2+ Kh7 49. Kxf8 1-0

[Event "Gipuzkoako Txapelketa Nagusia"]
[Site "Donostia"]
[Date "2008.11.29"]
[Round "6.1"]
[White "Irure Crespo, Egoitz"]
[Black "Olaizola Ortega, Luis"]
[Result "1/2-1/2"]
[WhiteElo "1935"]
[BlackElo "2205"]
[PlyCount "57"]
[EventDate "2008.10.25"]
[EventRounds "7"]
[EventCountry "ESP"]

1. e4 e6 2. d4 d5 3. exd5 exd5 4. Bf4 Bd6 5. Bxd6 Qxd6 6. c3 Nf6 7. Bd3 O-O 8.
Nd2 Nbd7 9. Ne2 Re8 10. O-O Nf8 11. Re1 Bd7 12. Qc2 g6 13. Ng3 Ne6 14. Nf3 Nf4
15. Bf1 N6h5 16. Nxh5 Nxh5 17. Qd2 f6 18. Rxe8+ Rxe8 19. Re1 Rxe1 20. Nxe1 Nf4
21. Nd3 Nxd3 22. Bxd3 Qe7 23. Qe2 Qxe2 24. Bxe2 Bf5 25. f3 g5 26. Kf2 Bb1 27.
a3 f5 28. f4 h6 29. g3 1/2-1/2

[Event "Gipuzkoako Txapelketa Nagusia"]
[Site "Donostia"]
[Date "2008.11.29"]
[Round "6.1"]
[White "Olmo Vega, Diego"]
[Black "Alcaide Luque, Aitor"]
[Result "1-0"]
[WhiteElo "1977"]
[BlackElo "2144"]
[PlyCount "47"]
[EventDate "2008.10.25"]
[EventRounds "7"]
[EventCountry "ESP"]

1. e4 e6 2. d4 d5 3. Nc3 Bb4 4. e5 c5 5. a3 Bxc3+ 6. bxc3 Qc7 7. Nf3 b6 8. a4
Ba6 9. Bxa6 Nxa6 10. Qd3 Nb8 11. O-O Ne7 12. Ba3 Nd7 13. Nd2 Rc8 14. c4 O-O 15.
f4 f5 16. exf6 Rxf6 17. g3 Kh8 18. Nf3 Nf5 19. cxd5 exd5 20. Rfe1 cxd4 21. Nxd4
Nc5 22. Bxc5 Qxc5 23. c3 Qxc3 24. Qxc3 1-0

[Event "Gipuzkoako Txapelketa Nagusia"]
[Site "Donostia"]
[Date "2008.11.29"]
[Round "6.1"]
[White "Cantabrana Garona, Alejandro"]
[Black "Juez Villar, Erik"]
[Result "0-1"]
[WhiteElo "1834"]
[BlackElo "1960"]
[PlyCount "68"]
[EventDate "2008.10.25"]
[EventRounds "7"]
[EventCountry "ESP"]

1. d4 Nf6 2. Nf3 c5 3. e3 cxd4 4. exd4 d5 5. Bd3 Nc6 6. c3 Bg4 7. Nbd2 e6 8. h3
Bh5 9. O-O Be7 10. Re1 O-O 11. Nf1 Bg6 12. Ne5 Bxd3 13. Qxd3 Nxe5 14. dxe5 Ne4
15. Ng3 Nxg3 16. Qxg3 f5 17. Re2 Kh8 18. f4 Rc8 19. Be3 Rc4 20. Bd4 g5 21. Rf1
Rg8 22. Qd3 b6 23. b3 Rc7 24. b4 g4 25. hxg4 Rxg4 26. Rf3 Bh4 27. g3 Rcg7 28.
Rg2 Qe8 29. Bf2 Qa4 30. Qd2 Qc6 31. Qd3 b5 32. Rh2 d4 33. Kf1 dxc3 34. gxh4 c2
0-1

[Event "Gipuzkoako Txapelketa Nagusia"]
[Site "Donostia"]
[Date "2008.11.29"]
[Round "6.1"]
[White "Corral Sierra, Javier"]
[Black "Alvarado Fernandez, Mikel"]
[Result "0-1"]
[WhiteElo "2116"]
[BlackElo "2011"]
[PlyCount "92"]
[EventDate "2008.10.25"]
[EventRounds "7"]
[EventCountry "ESP"]

1. Nf3 Nf6 2. c4 c6 3. g3 g6 4. Bg2 Bg7 5. O-O O-O 6. d4 d6 7. Nc3 Nbd7 8. Qc2
Qc7 9. h3 b6 10. Rd1 Bb7 11. b3 Rac8 12. Rb1 d5 13. Bf4 Qd8 14. e4 Nh5 15. Bg5
h6 16. Be3 e6 17. e5 g5 18. Qe2 f6 19. Nh2 Qe8 20. Bf3 Nxg3 21. fxg3 fxe5 22.
Bh5 Qe7 23. dxe5 Bxe5 24. Bd4 Bxg3 25. Ng4 e5 26. Rf1 Qg7 27. Bf2 Bf4 28. Rbd1
e4 29. Bd4 Be5 30. Nxe5 Nxe5 31. Qh2 Rxf1+ 32. Kxf1 Qf8+ 33. Qf2 Qe7 34. Qg3
Rf8+ 35. Ke2 Nd3 36. cxd5 Nf4+ 37. Kd2 Nxh5 38. Qg4 Nf6 39. Qe6+ Qxe6 40. dxe6
Nd5 41. Nxe4 c5 42. Nd6 Bc6 43. Be5 Ne7 44. Ke3 Rf3+ 45. Ke2 Rxh3 46. Nf7 Bf3+
0-1

[Event "Gipuzkoako Txapelketa Nagusia"]
[Site "Donostia"]
[Date "2008.11.29"]
[Round "6.1"]
[White "Urretavizcaya Merino, Asier"]
[Black "Bello Castano, Diego"]
[Result "0-1"]
[WhiteElo "2066"]
[BlackElo "1887"]
[PlyCount "72"]
[EventDate "2008.10.25"]
[EventRounds "7"]
[EventCountry "ESP"]

1. Nf3 c6 2. c4 d5 3. d4 Nf6 4. Nc3 e6 5. e3 Bd6 6. Qc2 O-O 7. Bd3 Nbd7 8. O-O
dxc4 9. Bxc4 e5 10. Bd3 exd4 11. exd4 h6 12. Re1 Nb6 13. Ne5 Nbd5 14. Bf5 Nb4
15. Qb1 Qb6 16. a3 Qxd4 17. Bxc8 Bxe5 18. axb4 Rfxc8 19. Qf5 Re8 20. Be3 Qxb4
21. Na4 Bd4 22. Qf4 Re4 23. Qg3 b5 24. Nc3 Bxc3 25. bxc3 Qxc3 26. Rec1 Qe5 27.
Qxe5 Rxe5 28. Rxc6 a5 29. Bd2 a4 30. Bc3 Re6 31. Rxe6 fxe6 32. f3 Nd5 33. Bd2
b4 34. Kf1 b3 35. Bc1 Nb4 36. Ke2 Nc2 0-1

[Event "Gipuzkoako Txapelketa Nagusia"]
[Site "Donostia"]
[Date "2008.11.29"]
[Round "6.1"]
[White "Argandona Riveiro, Jon"]
[Black "Puga Senar, Fernando"]
[Result "1-0"]
[WhiteElo "1983"]
[BlackElo "1704"]
[PlyCount "77"]
[EventDate "2008.10.25"]
[EventRounds "7"]
[EventCountry "ESP"]

1. e4 e6 2. d3 d5 3. Nd2 c5 4. g3 Nc6 5. Bg2 Nf6 6. Ngf3 dxe4 7. dxe4 Be7 8.
O-O O-O 9. Re1 e5 10. c3 Qc7 11. Qc2 Be6 12. Ng5 Bg4 13. Nc4 h6 14. Nf3 b5 15.
Ne3 Rad8 16. Nxg4 Nxg4 17. h3 Nf6 18. Nh4 c4 19. Be3 a5 20. Nf5 Rd3 21. Qc1 Nh7
22. Bf1 Rdd8 23. b3 Ng5 24. Nxe7+ Nxe7 25. Bxg5 hxg5 26. bxc4 bxc4 27. Qxg5 Ng6
28. Rad1 Rb8 29. Rd2 Rb6 30. h4 Nh8 31. Red1 Rg6 32. Qf5 Qc5 33. Rd5 Qb6 34.
Qxe5 Rf6 35. Qd4 Qb2 36. Bxc4 Ng6 37. Rf5 Rxf5 38. exf5 Ne7 39. f6 1-0

[Event "Gipuzkoako Txapelketa Nagusia"]
[Site "Donostia"]
[Date "2008.11.29"]
[Round "6.1"]
[White "Jimenez Crespo, Inigo"]
[Black "Iglesias Gonzalez, Veronica"]
[Result "1-0"]
[WhiteElo "1953"]
[BlackElo "1805"]
[PlyCount "83"]
[EventDate "2008.10.25"]
[EventRounds "7"]
[EventCountry "ESP"]

1. Nc3 c5 2. Nf3 Nc6 3. e4 d6 4. Bb5 Bd7 5. d3 Nf6 6. O-O g6 7. h3 Bg7 8. Nh2
O-O 9. f4 Nd4 10. Bxd7 Qxd7 11. Be3 Nh5 12. Rf2 Ng3 13. Qg4 Qxg4 14. hxg4 f5
15. gxf5 gxf5 16. Nf1 Nxf1 17. Kxf1 fxe4 18. dxe4 e6 19. Nd1 b5 20. c3 Nc6 21.
Rd2 Rad8 22. Nf2 Bh6 23. g3 e5 24. Ng4 Bg7 25. f5 Na5 26. b3 a6 27. Rad1 Nb7
28. Bg5 Rd7 29. Kg2 h6 30. Nxh6+ Bxh6 31. Bxh6 Rff7 32. g4 Kh7 33. Be3 Kg7 34.
g5 Rf8 35. Rh1 Rh8 36. Rxh8 Kxh8 37. g6 Kg7 38. Kf3 c4 39. b4 Nd8 40. Rh2 Kg8
41. Bg5 d5 42. Bf6 1-0

[Event "Gipuzkoako Txapelketa Nagusia"]
[Site "Donostia"]
[Date "2008.11.29"]
[Round "6.1"]
[White "Izagirre Alsua, Aritz"]
[Black "Garro Beraza, Julen"]
[Result "1-0"]
[WhiteElo "1807"]
[BlackElo "1761"]
[PlyCount "61"]
[EventDate "2008.10.25"]
[EventRounds "7"]
[EventCountry "ESP"]

1. e4 c5 2. Nc3 Nc6 3. g3 g6 4. Bg2 Bg7 5. d3 d6 6. f4 e6 7. Nf3 Nge7 8. O-O
O-O 9. Be3 Nd4 10. Rb1 Rb8 11. Qd2 b5 12. Ne2 Nxf3+ 13. Rxf3 f5 14. Rff1 Bb7
15. h3 Qc7 16. Kh2 d5 17. e5 d4 18. Bf2 Bxg2 19. Kxg2 Rfd8 20. b4 Nc6 21. bxc5
Bf8 22. g4 fxg4 23. hxg4 Bxc5 24. Ng3 Rd7 25. Ne4 Be7 26. Rh1 a5 27. Bh4 Kh8
28. Bf6+ Kg8 29. Rxh7 Bf8 30. Rh8+ Kf7 31. Ng5+ 1-0